Word Ladder: Friends, Not Food Quiz Stats

Quiz Updated Dec 7, 2014

Challenge
Share
Tweet
Embed
Score 0/32 Timer 04:00
0 Plays Today
Hint 4-Letter Word % Correct
Monopoly or Candy Land, e.g.α GAME α
98.4%
Olympian's goalα GOLD α
93.7%
Black murderous birdCROW
93.1%
Small roadLANE
93%
Unable to walk normallyLAME
92.5%
Eye-protecting facial hairBROW
92.3%
What the big bad wolf might doα BLOW α
90.9%
Italy-shaped footwearBOOT
90.2%
Thick printBOLD
90.1%
Mammal's replacement for a gillα LUNG α
89.9%
Ink stain, sometimes used for testsBLOT
88.3%
Sean Connery or Roger Moore, e.g.BOND
87.1%
Correct, well-behaved or beneficialGOOD
86.2%
French for sky's orbLUNE
86.2%
Italian car makerFIAT
84.1%
English for sky's orbα MOON α
83.6%
Hint 4-Letter Word % Correct
With much distance between the furthest pointsLONG
82.9%
State of mindMOOD
82.3%
Without elevationα FLAT α
82.3%
Famous celestial objectα STAR α
80.8%
Blessing or privilegeBOON
79.1%
Medical variant of 'immediately'STAT
78.6%
Water pipeBONG
78.2%
Thin strip of woodSLAT
77.2%
Have a training fight in boxingSPAR
76.8%
Hand ready for boxingFIST
75%
Make a female infertileSPAY
60.9%
Defeat with great forceSLAY
55.4%
Form of soil finer than siltCLAY
52.5%
Crop, as an animal body partα CRAW α
48.9%
'Right Next Door' singer Robert ____α CRAY α
46.1%
Common bondα FISH α
37.8%

Today's Daily Dose

You're not logged in!

Compare scores with friends on all Sporcle quizzes.
Sign Up with Email
OR
Log In

You Might Also Like...

Show Comments

Extras

Top Quizzes Today


Score Distribution

Your Account Isn't Verified!

In order to create a playlist on Sporcle, you need to verify the email address you used during registration. Go to your Sporcle Settings to finish the process.